000
00322nam a22001337a 4500
008
170621b xxu||||| |||| 00| 0 eng d
020
_a
9780201608830
041
_a
eng
080
_a
94
100
_a
18
101
_a
SHH
245
_a
ISLAM AMD DEMOCRACY FEAR OF THE MODERN WORLD
_c
LAKELAND.M.J
942
_2
udc
_c
BK
999
_c
18455
_d
18455